|
|
|
|
| LEADER |
01725nam a22003137a 4500 |
| 001 |
34890 |
| 003 |
BD-DhAAL |
| 005 |
20230206134224.0 |
| 008 |
190724t2016 bg ||||| |||| 00| d ben d |
| 020 |
|
|
|a 9848261591
|
| 040 |
|
|
|a BD-DhAAL
|d BD-DhAAL
|
| 041 |
|
|
|a ben
|
| 082 |
|
|
|a 891.442
|
| 100 |
|
|
|a ঠাকুর, রবীন্দ্রনাথ
|9 33091
|
| 245 |
|
|
|a রক্তকরবী /
|c রবীন্দ্রনাথ ঠাকুর
|
| 246 |
|
|
|a Raktakarabi
|
| 260 |
|
|
|a ঢাকা :
|b দি স্কাই পাবলিশার্স;
|b আগামী প্রকাশনী,
|c ২০১৬, ২০২১
|
| 300 |
|
|
|a ৫৮ পৃষ্ঠা,
|a ৬৩ পৃষ্ঠা ;
|c ২২ সে.মি.
|
| 526 |
|
|
|a Residential Campus
GenEd (Residential Campus)
|
| 541 |
|
|
|a Development Book Agency
|e 34890, 40816
|
| 600 |
|
|
|a ঠাকুর, রবীন্দ্রনাথ,
|d ১৮৬১-১৯৪১
|9 33303
|
| 650 |
|
|
|a Bengali drama.
|9 33092
|
| 650 |
|
|
|a Bengali literature.
|
| 852 |
|
|
|a Savar Campus Library
|c General Stacks
|
| 942 |
|
|
|2 ddc
|c BK
|
| 999 |
|
|
|c 40959
|d 40959
|
| 952 |
|
|
|0 0
|1 0
|2 ddc
|4 0
|6 891_442000000000000_TAG
|7 0
|9 65736
|a BRACUL
|b BRACUL
|c GEN
|d 2019-07-17
|e Development Book Agency
|g 85.00
|l 1
|m 17
|o 891.442 TAG
|p 3010035008
|r 2026-04-27
|s 2025-06-25
|t 2
|v 85.00
|w 2019-07-17
|y BK
|
| 952 |
|
|
|0 0
|1 0
|2 ddc
|4 0
|6 891_442000000000000_TAG
|7 0
|9 65859
|a SCL
|b SCL
|c GEN
|d 2019-07-24
|e Development Book Agency
|g 85.00
|l 5
|m 11
|o 891.442 TAG
|p 3020034890
|r 2023-12-06
|s 2023-11-07
|t 1
|v 85.00
|w 2019-07-24
|y BK
|
| 952 |
|
|
|0 0
|1 0
|2 ddc
|4 0
|6 891_442000000000000_TAG
|7 0
|9 72980
|a SCL
|b SCL
|c GEN
|d 2023-01-15
|e Development Book Agency
|g 105.00
|l 3
|m 1
|o 891.442 TAG
|p 3020040816
|r 2024-11-03
|s 2024-10-22
|t 1
|v 105.00
|w 2023-01-15
|y BK
|